000 00328nam a2200133Ia 4500
008 240624s9999 xx 000 0 und d
041 _aeng
082 _a823 PRE
100 _aPREMCHAND
245 _aKARMABHUMI
260 _c2010
_aNew Delhi
_bOxford University press
300 _axix, : 358 : p. : cm. ; 21
365 _cRS
_b32
999 _c16638
_d16638